| 000 | 00890nam a2200277 i 4500 | ||
|---|---|---|---|
| 003 | DO-SdBNP | ||
| 005 | 20240821103438.0 | ||
| 007 | ta | ||
| 008 | 240821s2024 dr 000 p spa d | ||
| 020 | _a9789945943856 | ||
| 040 |
_aDO-SdBNP _bspa _cBNPHU _erda |
||
| 082 |
_bG993b _222 |
||
| 100 |
_aGuzmán, José _911765 _d1996- _eautor _qJosé Alberto Guzmán Caraballo |
||
| 245 | 1 | 3 |
_aEl breve momento entre nacer y morir / _cJosé Guzmán |
| 264 | 1 |
_aSanto Domingo : _bRío de Oro editores, _c2024. |
|
| 300 |
_a148 páginas, _c22 cm. |
||
| 336 |
_2rdacontent _atexto _btxt |
||
| 337 |
_2rdamedia _asin mediación _bn |
||
| 338 |
_2rdacarrier _avolumen _bnc |
||
| 490 | 1 | _aCueva blanca | |
| 500 | _aIncluye datos biográficos del autor en la solapa de la portada. | ||
| 590 | _aInventariado, 2024/ YL | ||
| 650 | 4 | _aPoesía dominicana | |
| 910 | _aYLockward | ||
| 942 |
_2ddc _cLBS1 |
||
| 999 |
_c57510 _d57510 |
||